000 01210nam a22002657a 4500
005 20251112091041.0
008 251112b ||||| |||| 00| 0 spa d
020 _a9798218984250 (volumen 1)
020 _a9798218984267 (volumen 2)
020 _a9798218984274 (volumen 3)
040 _aCO-BoUCM
_cDavid Moreno
_dDavid Moreno
041 _aspa
100 1 _aLizárraga Ugarte, William R.
_9187267
245 1 0 _aRepensando la responsabilidad precontractual en el Civil Law y el Common Law
_bculpa in contrahendo, promissory estoppel y la misrepresentation pilares como jurídicos
_cWilliam R. Lizárraga Ugarte
250 _a1a.Ed
260 _aNueva York, NY
_bFondo Editorial Lizárraga Law Firm
_c2024
300 _a3 volúmenes (1695 páginas)
_btablas
650 1 4 _aDerecho comparado
_xResponsabilidad precontractual
_9187268
650 1 4 _aContratos (Derecho común)
_xObligaciones precontractuales
_9187269
650 1 4 _aIncumplimiento
_xResponsabilidad civil
_9187270
650 1 4 _aCulpa en contrahendo
_zPaíses de la Unión Europea
_9187271
650 1 4 _aCulpa en contrahendo
_zAmérica Latina
_9187272
942 _2DEWEY
_a8
_cLIBRO
_e1
_h346.02
_mL789r
_n0
999 _c325846
_d325846